000 00868nam1a2200289 i 4500
001 RU\NLR\bibl\70649
005 20240919221142.0
035 _a(NLR Aleph) 000068928
090 _a379170
_c379170
100 _a20000216g20009999e y0rusy50 ca
101 0 _arus
_aeng
102 _aRU
105 _aa |||||||||
200 1 _aСчастливый английский
_eВ 4 кн.
205 _a3-е изд.
210 _aМ.
_cПросвещение
_d2000
215 _d22
300 _aНа обл.: Happy English 4: Activity book
463 0 _100168209
512 1 _aHappy English 4
606 0 _aАнглийский язык
_jУчебные издания
_9972309
_3RU\NLR\auth\6646032
686 _aШ143.21-93рус21[9]
801 0 _aRU
_bNLR
_c20000216
_gPSBO
801 1 _aRU
_bNLR
_c20000216
852 _aNLR
_j99-5/4643
942 _cBOOK